| 000 | 01029nmm a2200193zu 4500 | ||
|---|---|---|---|
| 008 | 231009s2022 xxk|||||o|||| 00| 0 eng d | ||
| 041 | _aeng | ||
| 110 | _aRoyal Institution of Chartered Surveyors | ||
| 245 |
_aRICS Regulatory Framework _h[Electronic resource] |
||
| 260 |
_aLondon, _bRoyal Institution of Chartered Surveyors, _cOctober 2022 |
||
| 300 | _a27p. | ||
| 490 | _aRICS Regulation | ||
| 520 | _aAn Agreement created to implement the recommendations and intention of the Bichard RICS Review (the Review) as approved by the Council on 15 June 2022 to ensure greater independence, transparency and autonomy of regulation. Alongside the RICS Bye laws, Regulations and Terms of Reference, it is a document which sets out the SRB's responsibilities | ||
| 651 | _aUnited Kingdom | ||
| 690 |
_96277 _aRICS |
||
| 710 | _aRoyal Institution of Chartered Surveyors | ||
| 856 |
_uhttps://www.rics.org/content/dam/ricsglobal/documents/about-rics/RICS_RegulatoryFrameworkDocument.pdf _zAvailable free on RICS.org |
||
| 942 | _n0 | ||
| 999 |
_c121675 _d121675 |
||